| Tag |
First Indicator |
Second Indicator |
Subfields |
| LEADER |
00000cam a2200000Ii 4500 |
| 001 |
in00003556421 |
| 006 |
m o d |
| 007 |
cr cnu---unuuu |
| 008 |
140721r20042004ne a ob 100 0 eng d |
| 005 |
20260421164424.7 |
| 020 |
|
|
|a 1402027052 (electronic bk.)
|
| 020 |
|
|
|a 9781402027055 (electronic bk.)
|
| 020 |
|
|
|z 1402024452
|
| 020 |
|
|
|z 9781402024450
|
| 020 |
|
|
|z 1402024460
|
| 020 |
|
|
|z 9781402024467
|
| 024 |
7 |
|
|a 10.1007/978-1-4020-2705-5
|2 doi
|
| 035 |
|
|
|a (OCoLC)884279090
|
| 040 |
|
|
|a GW5XE
|b eng
|e rda
|e pn
|c GW5XE
|d UtOrBLW
|
| 049 |
|
|
|a TXAM
|
| 050 |
|
4 |
|a QC793.3.S8
|b N385 2003eb
|
| 082 |
0 |
4 |
|a 539.7
|2 22
|
| 111 |
2 |
|
|a NATO Advanced Study Institute on Structure and Dynamics of Elementary Matter
|d (2003 :
|c Kemer. Kemer Bucağı, Antalya İli, Turkey)
|
| 245 |
1 |
0 |
|a Structure and dynamics of elementary matter /
|c edited by Walter Greiner [and three others].
|
| 264 |
|
1 |
|a Dordrecht :
|b Springer Science+Business Media,
|c [2004]
|
| 264 |
|
4 |
|c ©2004
|
| 300 |
|
|
|a 1 online resource (xxi, 675 pages) :
|b illustrations.
|
| 336 |
|
|
|a text
|b txt
|2 rdacontent
|
| 337 |
|
|
|a computer
|b c
|2 rdamedia
|
| 338 |
|
|
|a online resource
|b cr
|2 rdacarrier
|
| 490 |
1 |
|
|a NATO science series. Series II, Mathematics, physics, and chemistry ;
|v volume 166
|
| 500 |
|
|
|a "Softcover reprint of the hardcover 1st edition 2004"--Title page verso.
|
| 504 |
|
|
|a Includes bibliographical references.
|
| 520 |
|
|
|a This volume collects the invited lectures and contributed talks of the NATO Advanced Studies Institute (ASI) held in Kemer/Turkey, from 22nd September to 2 October 2003. The meeting brought together experts from several fields in nuclear physics in which rapid progress has been made in recent years. Ultrarelativistic heavy ion collisions have been investigated at CERN and at the Relativistic Heavy Ion Collider (RHIC). Several talks review the present status of experiments and develop the theory of nuclear reactions at ultrarelativistic collisions energies. The properties of hot and dense hadronic matter are studied and the predictions of Quantum Chromodynamics (QCD) for quark deconfinement and the phase transition to the Quark Gluon Plasma are described. The dynamical description of phase transitions in small systems and the methods of nonequilibrium many body theory are covered by several speakers. Furthermore the available information on the nuclear equation of state, the properties of cold dense quark matter, and colour superconductivity are presented in this volume. The close connection of these questions with astrophysics is drawn in several contributions related to the structure of stars, the dark matter problem, and the early universe. A second focal point of the ASI, besides highly energetic heavy ion collisions, is the physics of exotic nuclei far off stability and superheavy elements. Several leading experts in this field discuss the structure, the decay modes and lifetimes of superheavy nuclei both from the theoretical and the experimental points of view. Additional topics are the description of fusion and fission processes, the properties of halo nuclei and nuclei beyond the line of particle stability.
|
| 588 |
|
|
|a Description based on print version record.
|
| 650 |
|
0 |
|a Nuclear matter
|v Congresses.
|
| 650 |
|
0 |
|a Heavy ions
|v Congresses.
|
| 650 |
|
0 |
|a Heavy ion collisions
|v Congresses.
|
| 650 |
|
6 |
|a Matière nucléaire
|v Congrès.
|
| 650 |
|
6 |
|a Ions lourds
|v Congrès.
|
| 650 |
|
6 |
|a Collisions d'ions lourds
|v Congrès.
|
| 650 |
|
7 |
|a Ions lourds
|x Congrès.
|2 ram
|
| 650 |
|
7 |
|a Interactions d'ions lourds
|x Congrès.
|2 ram
|
| 650 |
|
7 |
|a Matière nucléaire
|x Congrès.
|2 ram
|
| 650 |
|
7 |
|a Heavy ion collisions.
|2 fast
|0 (OCoLC)fst00954126
|
| 650 |
|
7 |
|a Heavy ions.
|2 fast
|0 (OCoLC)fst00954130
|
| 650 |
|
7 |
|a Nuclear matter.
|2 fast
|0 (OCoLC)fst01040347
|
| 655 |
|
7 |
|a Electronic books.
|2 local
|
| 655 |
|
7 |
|a Conference proceedings.
|2 fast
|0 (OCoLC)fst01423772
|
| 700 |
1 |
|
|a Greiner, Walter,
|d 1935-2016
|e editor.
|
| 710 |
2 |
|
|a SpringerLink (Online service)
|
| 776 |
1 |
8 |
|i Print version:
|a NATO Advanced Study Institute on Structure and Dynamics of Elementary Matter (2003 : Kemer. Kemer Bucağı, Antalya İli, Turkey).
|t Structure and dynamics of elementary matter
|z 1402024452
|w (DLC) 2004048564
|w (OCoLC)55518409
|
| 830 |
|
0 |
|a NATO science series.
|n Series II,
|p Mathematics, physics, and chemistry ;
|v v. 166.
|
| 856 |
4 |
0 |
|u http://proxy.library.tamu.edu/login?url=https://link.springer.com/10.1007/978-1-4020-2705-5
|z Connect to the full text of this electronic book
|t 0
|
| 994 |
|
|
|a 92
|b TXA
|
| 999 |
|
|
|a MARS
|
| 999 |
f |
f |
|s 3ff30cc2-5d29-3b6f-a835-3253d1ed3f22
|i 042fdac5-eebf-362c-ad67-4e4cc0ca236f
|t 0
|
| 952 |
f |
f |
|a Texas A&M University
|b College Station
|c Electronic Resources
|s www_evans
|d Available Online
|t 0
|e QC793.3.S8 N385 2003eb
|h Library of Congress classification
|
| 998 |
f |
f |
|a QC793.3.S8 N385 2003eb
|t 0
|l Available Online
|